[Event "English Schools Championship Final 2024"]
[Site "Nottingham University Kings Meadow Campus, United Kingdom"]
[Date "2024.06.27"]
[Round "2.23"]
[White "Skaria, Joel"]
[Black "Zheng, Jerry Z"]
[Result "1/2-1/2"]
[TimeControl "G50' + 10\" per move."]
[BlackFideId "460990"]
[WhiteElo "1596"]
[BlackElo "1904"]

1. e4 {[%clk 00:50:18]} {[%emt 00:00:02]} e6 {[%clk 00:50:17]} {[%emt
00:00:05]} 2. d4 {[%clk 00:50:19]} {[%emt 00:00:08]} d5 {[%clk 00:50:22]}
{[%emt 00:00:05]} 3. exd5 {[%clk 00:50:13]} {[%emt 00:00:16]} exd5 {[%clk
00:50:26]} {[%emt 00:00:07]} 4. Nf3 {[%clk 00:50:18]} {[%emt 00:00:05]} Bd6
{[%clk 00:50:26]} {[%emt 00:00:09]} 5. Bd3 {[%clk 00:50:18]} {[%emt 00:00:11]}
Ne7 {[%clk 00:50:27]} {[%emt 00:00:08]} 6. O-O {[%clk 00:50:15]} {[%emt
00:00:13]} O-O {[%clk 00:49:52]} {[%emt 00:00:45]} 7. Bg5 {[%clk 00:50:04]}
{[%emt 00:00:22]} f6 {[%clk 00:49:54]} {[%emt 00:00:08]} 8. Bh4 {[%clk
00:50:07]} {[%emt 00:00:06]} Bf5 {[%clk 00:49:46]} {[%emt 00:00:19]} 9. c3
{[%clk 00:49:32]} {[%emt 00:00:45]} c6 {[%clk 00:48:49]} {[%emt 00:01:07]} 10.
Bxf5 {[%clk 00:47:16]} {[%emt 00:02:26]} Nxf5 {[%clk 00:48:48]} {[%emt
00:00:11]} 11. Bg3 {[%clk 00:47:05]} {[%emt 00:00:20]} Nxg3 {[%clk 00:48:44]}
{[%emt 00:00:14]} 12. hxg3 {[%clk 00:47:09]} {[%emt 00:00:06]} Nd7 {[%clk
00:47:52]} {[%emt 00:01:03]} 13. Nbd2 {[%clk 00:47:03]} {[%emt 00:00:16]} Re8
{[%clk 00:46:12]} {[%emt 00:01:49]} 14. Re1 {[%clk 00:46:40]} {[%emt 00:00:33]}
Nb6 {[%clk 00:44:20]} {[%emt 00:02:03]} 15. Qc2 {[%clk 00:44:50]} {[%emt
00:01:59]} Qd7 {[%clk 00:42:34]} {[%emt 00:01:56]} 16. Rad1 {[%clk 00:41:38]}
{[%emt 00:03:21]} Kh8 {[%clk 00:38:16]} {[%emt 00:04:29]} 17. Kf1 {[%clk
00:41:04]} {[%emt 00:00:44]} Qg4 {[%clk 00:35:17]} {[%emt 00:03:09]} 18. Nh4
{[%clk 00:34:59]} {[%emt 00:06:15]} Bf8 {[%clk 00:24:58]} {[%emt 00:10:29]} 19.
Nf5 {[%clk 00:30:04]} {[%emt 00:05:05]} g6 {[%clk 00:22:29]} {[%emt 00:02:40]}
20. Ne3 {[%clk 00:27:18]} {[%emt 00:02:55]} Qd7 {[%clk 00:21:43]} {[%emt
00:00:55]} 21. Kg1 {[%clk 00:24:31]} {[%emt 00:02:58]} Bh6 {[%clk 00:19:49]}
{[%emt 00:02:04]} 22. Ndf1 {[%clk 00:22:34]} {[%emt 00:02:07]} Re4 {[%clk
00:13:21]} {[%emt 00:06:38]} 23. Re2 {[%clk 00:21:40]} {[%emt 00:01:04]} Rae8
{[%clk 00:09:41]} {[%emt 00:03:51]} 24. Rde1 {[%clk 00:21:17]} {[%emt
00:00:33]} R8e7 {[%clk 00:03:48]} {[%emt 00:06:02]} 25. a4 {[%clk 00:18:15]}
{[%emt 00:03:12]} Qe8 {[%clk 00:02:42]} {[%emt 00:01:16]} 26. a5 {[%clk
00:15:41]} {[%emt 00:02:45]} Nc4 {[%clk 00:01:55]} {[%emt 00:00:57]} 27. b3
{[%clk 00:12:12]} {[%emt 00:03:38]} Nxe3 {[%clk 00:01:31]} {[%emt 00:00:34]} 28.
Nxe3 {[%clk 00:12:08]} {[%emt 00:00:14]} Bxe3 {[%clk 00:01:28]} {[%emt
00:00:13]} 29. fxe3 {[%clk 00:12:00]} {[%emt 00:00:18]} Rxe3 {[%clk 00:01:32]}
{[%emt 00:00:07]} 30. Rxe3 {[%clk 00:11:59]} {[%emt 00:00:10]} Rxe3 {[%clk
00:01:36]} {[%emt 00:00:06]} 31. Rxe3 {[%clk 00:11:50]} {[%emt 00:00:19]} Qxe3+
{[%clk 00:01:44]} {[%emt 00:00:02]} 32. Qf2 {[%clk 00:11:57]} {[%emt 00:00:03]}
Qc1+ {[%clk 00:01:36]} {[%emt 00:00:18]} 33. Kh2 {[%clk 00:11:41]} {[%emt
00:00:26]} Kg7 {[%clk 00:01:34]} {[%emt 00:00:12]} 34. Qe2 {[%clk 00:11:07]}
{[%emt 00:00:44]} Kf7 {[%clk 00:01:11]} {[%emt 00:00:32]} 35. c4 {[%clk
00:11:04]} {[%emt 00:00:14]} dxc4 {[%clk 00:01:10]} {[%emt 00:00:12]} 36. bxc4
{[%clk 00:10:41]} {[%emt 00:00:32]} Qh6+ {[%clk 00:01:06]} {[%emt 00:00:15]} 37.
Kg1 {[%clk 00:10:45]} {[%emt 00:00:06]} Qg5 {[%clk 00:01:01]} {[%emt 00:00:15]}
38. Qb2 {[%clk 00:10:19]} {[%emt 00:00:35]} Qe3+ {[%clk 00:01:02]} {[%emt
00:00:09]} 39. Kh2 {[%clk 00:09:20]} {[%emt 00:01:10]} Qe7 {[%clk 00:01:08]}
{[%emt 00:00:03]} 40. d5 {[%clk 00:08:41]} {[%emt 00:00:49]} cxd5 {[%clk
00:01:16]} {[%emt 00:00:03]} 41. cxd5 {[%clk 00:08:49]} {[%emt 00:00:02]} Qd7
{[%clk 00:01:22]} {[%emt 00:00:03]} 42. Qd4 {[%clk 00:08:33]} {[%emt 00:00:25]}
a6 {[%clk 00:01:31]} {[%emt 00:00:02]} 43. Qe4 {[%clk 00:07:02]} {[%emt
00:01:41]} Qd6 {[%clk 00:01:25]} {[%emt 00:00:16]} 44. Qd4 {[%clk 00:06:26]}
{[%emt 00:00:46]} Qe5 {[%clk 00:01:21]} {[%emt 00:00:14]} 45. Qc4 {[%clk
00:06:06]} {[%emt 00:00:31]} Qd6 {[%clk 00:01:07]} {[%emt 00:00:23]} 46. Qb3
{[%clk 00:05:42]} {[%emt 00:00:34]} Qd7 {[%clk 00:01:14]} {[%emt 00:00:04]} 47.
d6+ {[%clk 00:05:35]} {[%emt 00:00:17]} Qe6 {[%clk 00:01:13]} {[%emt 00:00:10]}
48. Qxb7+ {[%clk 00:05:36]} {[%emt 00:00:09]} Ke8 {[%clk 00:00:54]} {[%emt
00:00:29]} 49. Qxa6 {[%clk 00:04:47]} {[%emt 00:00:59]} Qf5 {[%clk 00:00:40]}
{[%emt 00:00:24]} 50. Qe2+ {[%clk 00:03:57]} {[%emt 00:01:00]} Kd7 {[%clk
00:00:36]} {[%emt 00:00:14]} 51. Qe7+ {[%clk 00:02:31]} {[%emt 00:01:36]} Kc6
{[%clk 00:00:45]} {[%emt 00:00:02]} 52. Qc7+ {[%clk 00:02:39]} {[%emt
00:00:02]} Kd5 {[%clk 00:00:32]} {[%emt 00:00:21]} 53. d7 {[%clk 00:00:29]}
{[%emt 00:02:21]} Qh5+ {[%clk 00:00:37]} {[%emt 00:00:06]} 54. Kg1 {[%clk
00:00:37]} {[%emt 00:00:02]} Qd1+ {[%clk 00:00:46]} {[%emt 00:00:01]} 1/2-1/2

[Event "English Schools Championship Final 2024"]
[Site "Nottingham University Kings Meadow Campus, United Kingdom"]
[Date "2024.06.27"]
[Round "2.25"]
[White "Han, Yichen"]
[Black "Gunarathne, Senith"]
[Result "1-0"]
[TimeControl "G50' + 10\" per move."]
[WhiteFideId "1054430"]
[BlackFideId "343104324"]
[WhiteElo "2434"]
[BlackElo "1900"]

1. e4 {[%clk 00:49:12]} {[%emt 00:01:08]} c5 {[%clk 00:49:39]} {[%emt
00:00:37]} 2. Nc3 {[%clk 00:49:20]} {[%emt 00:00:07]} e6 {[%clk 00:49:30]}
{[%emt 00:00:19]} 3. Nf3 {[%clk 00:49:22]} {[%emt 00:00:07]} Nc6 {[%clk
00:49:21]} {[%emt 00:00:19]} 4. d4 {[%clk 00:49:27]} {[%emt 00:00:06]} cxd4
{[%clk 00:48:54]} {[%emt 00:00:36]} 5. Nxd4 {[%clk 00:49:34]} {[%emt 00:00:03]}
Bc5 {[%clk 00:47:48]} {[%emt 00:01:16]} 6. Ndb5 {[%clk 00:44:06]} {[%emt
00:05:38]} d6 {[%clk 00:42:37]} {[%emt 00:05:20]} 7. Bf4 {[%clk 00:40:56]}
{[%emt 00:03:20]} e5 {[%clk 00:39:34]} {[%emt 00:03:14]} 8. Be3 {[%clk
00:40:48]} {[%emt 00:00:17]} Bb4 {[%clk 00:33:05]} {[%emt 00:06:39]} 9. a3
{[%clk 00:38:27]} {[%emt 00:02:30]} Bxc3+ {[%clk 00:33:03]} {[%emt 00:00:12]}
10. bxc3 {[%clk 00:36:46]} {[%emt 00:01:51]} Ke7 {[%clk 00:32:42]} {[%emt
00:00:31]} 11. c4 {[%clk 00:36:39]} {[%emt 00:00:17]} Nf6 {[%clk 00:30:23]}
{[%emt 00:02:30]} 12. Nc3 {[%clk 00:35:26]} {[%emt 00:01:23]} h6 {[%clk
00:28:38]} {[%emt 00:01:55]} 13. c5 {[%clk 00:34:28]} {[%emt 00:01:08]} a6
{[%clk 00:24:31]} {[%emt 00:04:17]} 14. Qd2 {[%clk 00:30:00]} {[%emt 00:04:37]}
Qc7 {[%clk 00:23:22]} {[%emt 00:01:20]} 15. Rd1 {[%clk 00:28:24]} {[%emt
00:01:45]} Rd8 {[%clk 00:23:27]} {[%emt 00:00:05]} 16. cxd6+ {[%clk 00:28:18]}
{[%emt 00:00:17]} Rxd6 {[%clk 00:23:14]} {[%emt 00:00:22]} 17. Bc5 {[%clk
00:27:24]} {[%emt 00:01:04]} Nd4 {[%clk 00:23:21]} {[%emt 00:00:03]} 18. Bxd6+
{[%clk 00:27:06]} {[%emt 00:00:28]} Qxd6 {[%clk 00:23:27]} {[%emt 00:00:04]} 19.
f4 {[%clk 00:24:18]} {[%emt 00:02:58]} Qc6 {[%clk 00:21:58]} {[%emt 00:01:38]}
20. fxe5 {[%clk 00:19:18]} {[%emt 00:05:11]} Nxe4 {[%clk 00:21:24]} {[%emt
00:00:43]} 21. Qxd4 {[%clk 00:19:21]} {[%emt 00:00:07]} Nxc3 {[%clk 00:21:30]}
{[%emt 00:00:03]} 22. Qd8+ {[%clk 00:19:12]} {[%emt 00:00:19]} Ke6 {[%clk
00:21:32]} {[%emt 00:00:08]} 23. Rd6+ {[%clk 00:19:15]} {[%emt 00:00:08]} Kxe5
{[%clk 00:21:39]} {[%emt 00:00:04]} 24. Rxc6 {[%clk 00:18:54]} {[%emt
00:00:31]} bxc6 {[%clk 00:21:47]} {[%emt 00:00:02]} 25. Qa5+ {[%clk 00:18:50]}
{[%emt 00:00:13]} Nd5 {[%clk 00:21:54]} {[%emt 00:00:04]} 26. c4 {[%clk
00:18:54]} {[%emt 00:00:06]} Rb8 {[%clk 00:21:57]} {[%emt 00:00:06]} 27. cxd5
{[%clk 00:18:59]} {[%emt 00:00:06]} Rb1+ {[%clk 00:22:05]} {[%emt 00:00:02]} 28.
Kf2 {[%clk 00:18:56]} {[%emt 00:00:12]} Rb5 {[%clk 00:22:04]} {[%emt 00:00:11]}
29. Bxb5 {[%clk 00:18:34]} {[%emt 00:00:33]} axb5 {[%clk 00:22:12]} {[%emt
00:00:03]} 30. Qc7+ {[%clk 00:18:37]} {[%emt 00:00:06]} Kxd5 {[%clk 00:22:18]}
{[%emt 00:00:04]} 31. Rd1+ {[%clk 00:18:41]} {[%emt 00:00:06]} Kc4 {[%clk
00:22:25]} {[%emt 00:00:03]} 32. Qxc6+ {[%clk 00:18:44]} {[%emt 00:00:07]} Kb3
{[%clk 00:22:32]} {[%emt 00:00:03]} 33. Rd3+ {[%clk 00:18:46]} {[%emt
00:00:08]} Kb2 {[%clk 00:22:34]} {[%emt 00:00:07]} 34. Qc3+ {[%clk 00:18:52]}
{[%emt 00:00:05]} Kb1 {[%clk 00:22:40]} {[%emt 00:00:04]} 35. Rd1+ {[%clk
00:18:58]} {[%emt 00:00:05]} Ka2 {[%clk 00:22:48]} {[%emt 00:00:02]} 36. Ra1#
{[%clk 00:19:02]} {[%emt 00:00:05]} 1-0

[Event "English Schools Championship Final 2024"]
[Site "Nottingham University Kings Meadow Campus, United Kingdom"]
[Date "2024.06.27"]
[Round "2.26"]
[White "Lee, Richard"]
[Black "Zakarian, Dimitrios Levon"]
[Result "1/2-1/2"]
[TimeControl "G50' + 10\" per move."]
[BlackFideId "453080"]
[WhiteElo "1658"]
[BlackElo "2096"]

1. c4 {[%clk 00:50:18]} Nf6 {[%clk 00:50:12]} {[%emt 00:00:08]} 2. Nf3 {[%clk
00:50:22]} {[%emt 00:00:06]} e6 {[%clk 00:50:16]} {[%emt 00:00:05]} 3. Nc3
{[%clk 00:50:25]} {[%emt 00:00:09]} d5 {[%clk 00:50:06]} {[%emt 00:00:20]} 4.
cxd5 {[%clk 00:50:23]} {[%emt 00:00:12]} exd5 {[%clk 00:50:10]} {[%emt
00:00:06]} 5. d4 {[%clk 00:50:21]} {[%emt 00:00:12]} Bb4 {[%clk 00:49:35]}
{[%emt 00:00:44]} 6. a3 {[%clk 00:49:11]} {[%emt 00:01:21]} Bxc3+ {[%clk
00:47:18]} {[%emt 00:02:27]} 7. bxc3 {[%clk 00:49:15]} {[%emt 00:00:07]} Ne4
{[%clk 00:47:09]} {[%emt 00:00:18]} 8. Bb2 {[%clk 00:47:48]} {[%emt 00:01:36]}
c6 {[%clk 00:45:31]} {[%emt 00:01:49]} 9. Nd2 {[%clk 00:46:54]} {[%emt
00:01:05]} f5 {[%clk 00:44:01]} {[%emt 00:01:39]} 10. Nxe4 {[%clk 00:45:05]}
{[%emt 00:01:58]} fxe4 {[%clk 00:44:01]} {[%emt 00:00:10]} 11. e3 {[%emt
00:02:11]} O-O {[%clk 00:43:08]} {[%emt 00:00:01]} 12. a4 {[%clk 00:42:24]}
{[%emt 00:01:52]} Be6 {[%clk 00:40:16]} {[%emt 00:03:02]} 13. a5 {[%clk
00:37:56]} {[%emt 00:04:39]} Qg5 {[%clk 00:37:29]} {[%emt 00:02:57]} 14. Ba3
{[%clk 00:29:19]} {[%emt 00:08:48]} Rf7 {[%clk 00:36:03]} {[%emt 00:01:35]} 15.
Qb3 {[%clk 00:26:42]} {[%emt 00:02:46]} Nd7 {[%clk 00:32:55]} {[%emt 00:03:17]}
16. Qxb7 {[%clk 00:21:02]} {[%emt 00:05:51]} Rb8 {[%clk 00:32:48]} {[%emt
00:00:17]} 17. Qxa7 {[%clk 00:17:12]} {[%emt 00:04:00]} Qf5 {[%clk 00:30:43]}
{[%emt 00:02:15]} 18. Be2 {[%clk 00:12:22]} {[%emt 00:05:00]} Qxf2+ {[%clk
00:30:23]} {[%emt 00:00:31]} 19. Kd2 {[%clk 00:12:23]} {[%emt 00:00:09]} Qxg2
{[%clk 00:26:04]} {[%emt 00:04:28]} 20. Rag1 {[%clk 00:11:58]} {[%emt
00:00:35]} Qh3 {[%clk 00:25:22]} {[%emt 00:00:52]} 21. Rg3 {[%clk 00:10:44]}
{[%emt 00:01:25]} Qh6 {[%clk 00:24:23]} {[%emt 00:01:09]} 22. Bb4 {[%emt
00:11:28]} 1/2-1/2

[Event "English Schools Championship Final 2024"]
[Site "Nottingham University Kings Meadow Campus, United Kingdom"]
[Date "2024.06.27"]
[Round "2.27"]
[White "Masacorale, Jamie"]
[Black "Arlachova, Alexandra"]
[Result "1/2-1/2"]
[TimeControl "G50' + 10\" per move."]
[WhiteFideId "490512"]
[BlackFideId "473910"]
[WhiteElo "1551"]
[BlackElo "1703"]

1. d4 {[%clk 00:50:18]} {[%emt 00:00:02]} Nf6 {[%clk 00:50:14]} {[%emt
00:00:07]} 2. Nc3 {[%clk 00:50:20]} {[%emt 00:00:08]} g6 {[%clk 00:50:17]}
{[%emt 00:00:06]} 3. Bf4 {[%clk 00:50:23]} {[%emt 00:00:08]} d5 {[%clk
00:50:12]} {[%emt 00:00:15]} 4. Nb5 {[%clk 00:50:10]} {[%emt 00:00:23]} Na6
{[%clk 00:49:58]} {[%emt 00:00:24]} 5. e3 {[%clk 00:50:09]} {[%emt 00:00:11]}
Bd7 {[%clk 00:49:44]} {[%emt 00:00:25]} 6. h3 {[%clk 00:49:25]} {[%emt
00:00:53]} Bg7 {[%clk 00:49:34]} {[%emt 00:00:20]} 7. Nf3 {[%clk 00:49:14]}
{[%emt 00:00:21]} O-O {[%clk 00:49:25]} {[%emt 00:00:19]} 8. Be2 {[%clk
00:47:32]} {[%emt 00:01:51]} Bxb5 {[%clk 00:48:48]} {[%emt 00:00:47]} 9. Bxb5
{[%clk 00:47:40]} {[%emt 00:00:03]} Nb8 {[%clk 00:48:36]} {[%emt 00:00:22]} 10.
g4 {[%clk 00:44:53]} {[%emt 00:02:57]} c6 {[%clk 00:48:06]} {[%emt 00:00:41]}
11. Bd3 {[%clk 00:43:01]} {[%emt 00:02:02]} Nbd7 {[%clk 00:47:09]} {[%emt
00:01:07]} 12. Ne5 {[%clk 00:41:38]} {[%emt 00:01:33]} Nxe5 {[%clk 00:46:58]}
{[%emt 00:00:20]} 13. Bxe5 {[%clk 00:41:42]} {[%emt 00:00:07]} Nd7 {[%clk
00:46:11]} {[%emt 00:00:57]} 14. Bxg7 {[%clk 00:41:38]} {[%emt 00:00:13]} Kxg7
{[%clk 00:46:17]} {[%emt 00:00:04]} 15. f4 {[%clk 00:40:54]} {[%emt 00:00:55]}
e6 {[%clk 00:46:10]} {[%emt 00:00:17]} 16. g5 {[%clk 00:39:53]} {[%emt
00:01:11]} f6 {[%clk 00:45:54]} {[%emt 00:00:26]} 17. h4 {[%clk 00:39:29]}
{[%emt 00:00:34]} f5 {[%clk 00:45:20]} {[%emt 00:00:45]} 18. Qe2 {[%clk
00:37:35]} {[%emt 00:02:03]} c5 {[%clk 00:45:11]} {[%emt 00:00:19]} 19. c3
{[%clk 00:37:28]} {[%emt 00:00:17]} c4 {[%clk 00:45:03]} {[%emt 00:00:19]} 20.
Bc2 {[%clk 00:37:21]} {[%emt 00:00:17]} b5 {[%clk 00:44:26]} {[%emt 00:00:47]}
21. a3 {[%clk 00:36:04]} {[%emt 00:01:26]} a5 {[%clk 00:43:59]} {[%emt
00:00:37]} 22. Kf2 {[%clk 00:31:11]} {[%emt 00:05:03]} a4 {[%clk 00:43:14]}
{[%emt 00:00:56]} 23. h5 {[%clk 00:30:46]} {[%emt 00:00:35]} Nb8 {[%clk
00:42:26]} {[%emt 00:00:58]} 24. hxg6 {[%clk 00:26:57]} {[%emt 00:03:58]} hxg6
{[%clk 00:42:25]} {[%emt 00:00:11]} 25. Rh6 {[%clk 00:27:03]} {[%emt 00:00:04]}
Rh8 {[%clk 00:42:16]} {[%emt 00:00:19]} 26. Rah1 {[%clk 00:27:11]} {[%emt
00:00:02]} Rxh6 {[%clk 00:41:54]} {[%emt 00:00:32]} 27. Rxh6 {[%clk 00:25:08]}
{[%emt 00:02:13]} Nc6 {[%clk 00:41:55]} {[%emt 00:00:10]} 28. Qf3 {[%clk
00:24:52]} {[%emt 00:00:25]} Qg8 {[%clk 00:41:15]} {[%emt 00:00:49]} 29. Qh3
{[%clk 00:23:19]} {[%emt 00:01:44]} Nd8 {[%clk 00:41:09]} {[%emt 00:00:16]} 30.
Bd1 {[%clk 00:19:48]} {[%emt 00:03:41]} Nf7 {[%clk 00:41:00]} {[%emt 00:00:19]}
31. Rh4 {[%clk 00:19:13]} {[%emt 00:00:45]} Kf8 {[%clk 00:31:23]} {[%emt
00:09:47]} 32. Rh7 {[%clk 00:15:09]} {[%emt 00:04:14]} Re8 {[%clk 00:28:59]}
{[%emt 00:02:35]} 33. Qh1 {[%clk 00:13:09]} {[%emt 00:02:10]} Ke7 {[%clk
00:27:30]} {[%emt 00:01:39]} 34. Qh6 {[%clk 00:12:34]} {[%emt 00:00:44]} Kd6
{[%clk 00:27:08]} {[%emt 00:00:32]} 1/2-1/2

[Event "English Schools Championship Final 2024"]
[Site "Nottingham University Kings Meadow Campus, United Kingdom"]
[Date "2024.06.27"]
[Round "2.28"]
[White "Stapleton, Dean"]
[Black "Li, Reya"]
[Result "0-1"]
[TimeControl "G50' + 10\" per move."]
[BlackFideId "486892"]
[WhiteElo "1625"]
[BlackElo "1859"]

1. e4 {[%clk 00:50:12]} {[%emt 01:10:54]} e5 {[%clk 00:50:19]} {[%emt
00:00:08]} 2. Nf3 {[%clk 00:50:17]} {[%emt 00:00:06]} Nc6 {[%clk 00:50:24]}
{[%emt 00:00:04]} 3. c3 {[%clk 00:50:20]} {[%emt 00:00:06]} Nf6 {[%clk
00:50:08]} {[%emt 00:00:27]} 4. d4 {[%clk 00:49:01]} {[%emt 00:01:30]} exd4
{[%clk 00:49:45]} {[%emt 00:00:33]} 5. e5 {[%clk 00:48:38]} {[%emt 00:00:33]}
Nd5 {[%clk 00:48:27]} {[%emt 00:01:27]} 6. cxd4 {[%clk 00:47:58]} {[%emt
00:00:51]} Bb4+ {[%clk 00:48:18]} {[%emt 00:00:19]} 7. Bd2 {[%clk 00:46:42]}
{[%emt 00:01:27]} Bxd2+ {[%clk 00:48:15]} {[%emt 00:00:11]} 8. Nbxd2 {[%clk
00:46:16]} {[%emt 00:00:38]} d6 {[%clk 00:47:49]} {[%emt 00:00:36]} 9. Bb5
{[%clk 00:44:39]} {[%emt 00:01:48]} Bd7 {[%clk 00:47:03]} {[%emt 00:00:55]} 10.
O-O {[%clk 00:43:48]} {[%emt 00:01:00]} a6 {[%clk 00:42:07]} {[%emt 00:05:06]}
11. Bc4 {[%clk 00:41:18]} {[%emt 00:02:40]} Be6 {[%clk 00:40:45]} {[%emt
00:01:31]} 12. Ne4 {[%clk 00:37:37]} {[%emt 00:03:51]} dxe5 {[%clk 00:39:03]}
{[%emt 00:01:52]} 13. dxe5 {[%clk 00:34:53]} {[%emt 00:02:54]} O-O {[%clk
00:38:18]} {[%emt 00:00:55]} 14. a3 {[%clk 00:31:18]} {[%emt 00:03:46]} Nf4
{[%clk 00:36:13]} {[%emt 00:02:15]} 15. Bxe6 {[%clk 00:30:07]} {[%emt
00:01:21]} Nxe6 {[%clk 00:36:10]} {[%emt 00:00:13]} 16. Qe1 {[%clk 00:26:55]}
{[%emt 00:03:22]} Ned4 {[%clk 00:32:07]} {[%emt 00:04:13]} 17. Nxd4 {[%clk
00:25:47]} {[%emt 00:01:18]} Qxd4 {[%clk 00:31:52]} {[%emt 00:00:25]} 18. Nc3
{[%clk 00:23:12]} {[%emt 00:02:45]} Qxe5 {[%clk 00:30:24]} {[%emt 00:01:38]} 19.
Qd1 {[%clk 00:22:12]} {[%emt 00:01:10]} Rad8 {[%clk 00:30:19]} {[%emt
00:00:14]} 20. Qa4 {[%clk 00:20:26]} {[%emt 00:01:57]} Rd4 {[%clk 00:25:59]}
{[%emt 00:04:30]} 21. Qc2 {[%clk 00:19:35]} {[%emt 00:01:01]} Rh4 {[%clk
00:24:12]} {[%emt 00:01:56]} 22. g3 {[%clk 00:18:51]} {[%emt 00:00:54]} Rh6
{[%clk 00:23:52]} {[%emt 00:00:29]} 23. Qe4 {[%clk 00:15:52]} {[%emt 00:03:10]}
Qh5 {[%clk 00:23:05]} {[%emt 00:00:57]} 24. Qg2 {[%clk 00:15:02]} {[%emt
00:01:01]} Nd4 {[%clk 00:22:31]} {[%emt 00:00:44]} 25. Rac1 {[%clk 00:12:16]}
{[%emt 00:02:55]} Nf3+ {[%clk 00:22:14]} {[%emt 00:00:26]} 26. Kh1 {[%clk
00:11:36]} {[%emt 00:00:51]} Qxh2+ {[%emt 00:00:48]} 0-1

[Event "English Schools Championship Final 2024"]
[Site "Nottingham University Kings Meadow Campus, United Kingdom"]
[Date "2024.06.27"]
[Round "2.29"]
[White "Sui, Yueyue"]
[Black "Bowden, James"]
[Result "1-0"]
[TimeControl "G50' + 10\" per move."]
[WhiteFideId "343411924"]
[WhiteElo "1786"]
[BlackElo "1642"]

1. d4 {[%clk 00:50:19]} {[%emt 00:00:01]} d5 {[%clk 00:50:16]} {[%emt
00:00:04]} 2. c4 {[%clk 00:50:26]} {[%emt 00:00:03]} e6 {[%clk 00:50:19]}
{[%emt 00:00:07]} 3. Nc3 {[%clk 00:50:32]} {[%emt 00:00:04]} Nf6 {[%clk
00:50:20]} {[%emt 00:00:10]} 4. Bg5 {[%clk 00:50:33]} {[%emt 00:00:09]} Bb4
{[%clk 00:49:25]} {[%emt 00:01:05]} 5. a3 {[%clk 00:49:24]} {[%emt 00:01:19]}
Be7 {[%clk 00:49:23]} {[%emt 00:00:12]} 6. e3 {[%clk 00:49:23]} {[%emt
00:00:10]} O-O {[%clk 00:47:56]} {[%emt 00:01:36]} 7. Nf3 {[%clk 00:49:16]}
{[%emt 00:00:17]} Nc6 {[%clk 00:47:48]} {[%emt 00:00:18]} 8. Bd3 {[%clk
00:48:43]} {[%emt 00:00:43]} Na5 {[%clk 00:45:46]} {[%emt 00:02:12]} 9. cxd5
{[%clk 00:48:27]} {[%emt 00:00:27]} exd5 {[%clk 00:45:33]} {[%emt 00:00:22]} 10.
O-O {[%clk 00:47:58]} {[%emt 00:00:40]} c6 {[%clk 00:41:44]} {[%emt 00:03:59]}
11. Ne5 {[%clk 00:47:11]} {[%emt 00:00:57]} Ne4 {[%clk 00:39:01]} {[%emt
00:02:53]} 12. Bxe7 {[%clk 00:46:44]} {[%emt 00:00:37]} Qxe7 {[%clk 00:38:57]}
{[%emt 00:00:13]} 13. Bxe4 {[%clk 00:46:25]} {[%emt 00:00:30]} dxe4 {[%clk
00:38:41]} {[%emt 00:00:25]} 14. b4 {[%clk 00:46:33]} {[%emt 00:00:03]} f6
{[%clk 00:37:51]} {[%emt 00:01:00]} 15. bxa5 {[%clk 00:45:56]} {[%emt
00:00:48]} fxe5 {[%clk 00:37:57]} {[%emt 00:00:04]} 16. Nxe4 {[%clk 00:45:31]}
{[%emt 00:00:36]} exd4 {[%clk 00:36:03]} {[%emt 00:02:03]} 17. Qxd4 {[%clk
00:45:18]} {[%emt 00:00:23]} Rd8 {[%clk 00:34:56]} {[%emt 00:01:17]} 18. Qb4
{[%clk 00:44:26]} {[%emt 00:01:02]} Qe5 {[%clk 00:32:52]} {[%emt 00:02:14]} 19.
Ng3 {[%clk 00:43:51]} {[%emt 00:00:45]} a6 {[%clk 00:29:24]} {[%emt 00:03:39]}
20. Rad1 {[%clk 00:42:39]} {[%emt 00:01:17]} Qf6 {[%clk 00:27:16]} {[%emt
00:02:22]} 21. Qb6 {[%clk 00:39:41]} {[%emt 00:03:08]} Bg4 {[%clk 00:26:46]}
{[%emt 00:00:40]} 22. Rxd8+ {[%clk 00:37:06]} {[%emt 00:02:45]} Rxd8 {[%clk
00:26:06]} {[%emt 00:00:51]} 23. Qxb7 {[%clk 00:36:06]} {[%emt 00:01:10]} Rd3
{[%clk 00:25:04]} {[%emt 00:01:11]} 24. Qxa6 {[%clk 00:35:19]} {[%emt
00:00:57]} Rxa3 {[%clk 00:24:49]} {[%emt 00:00:25]} 25. Qc4+ {[%clk 00:35:14]}
{[%emt 00:00:15]} Be6 {[%clk 00:23:05]} {[%emt 00:01:54]} 26. Qxc6 {[%clk
00:34:52]} {[%emt 00:00:33]} h6 {[%clk 00:21:27]} {[%emt 00:01:48]} 27. a6
{[%clk 00:33:00]} {[%emt 00:02:03]} Bf7 {[%clk 00:19:11]} {[%emt 00:02:25]} 28.
Qxf6 {[%clk 00:31:37]} {[%emt 00:01:32]} gxf6 {[%clk 00:19:19]} {[%emt
00:00:02]} 29. Rc1 {[%clk 00:30:20]} {[%emt 00:01:27]} Rxa6 {[%clk 00:19:09]}
{[%emt 00:00:20]} 30. Nf5 {[%clk 00:30:09]} {[%emt 00:00:22]} Kh7 {[%clk
00:19:08]} {[%emt 00:00:11]} 31. Kf1 {[%clk 00:29:45]} {[%emt 00:00:34]} Bg6
{[%clk 00:18:37]} {[%emt 00:00:39]} 32. Rc7+ {[%clk 00:28:53]} {[%emt
00:01:03]} Kh8 {[%clk 00:18:21]} {[%emt 00:00:27]} 33. Nxh6 {[%clk 00:28:18]}
{[%emt 00:00:45]} Ra1+ {[%clk 00:17:51]} {[%emt 00:00:40]} 34. Ke2 {[%clk
00:28:00]} {[%emt 00:00:28]} Bh5+ {[%clk 00:17:46]} {[%emt 00:00:15]} 35. g4
{[%clk 00:27:40]} {[%emt 00:00:30]} Ra2+ {[%clk 00:16:36]} {[%emt 00:01:20]} 36.
Kf3 {[%clk 00:27:26]} {[%emt 00:00:24]} Kg8 {[%emt 00:00:16]} 37. Rc4+ Ra8
{[%emt 00:00:18]} 1-0